Pharmaceutische plichtenleer voor apothekers en stagiaires ... (Record no. 38063)

MARC details
000 -LEADER
fixed length control field 00557cam a22002051 4500
001 - CONTROL NUMBER
control field med47000405
003 - CONTROL NUMBER IDENTIFIER
control field DLC
005 - DATE AND TIME OF LATEST TRANSACTION
control field 20260227111559.0
008 - FIXED-LENGTH DATA ELEMENTS--GENERAL INFORMATION
fixed length control field 810725s1944 xx c 000 0 dut
010 ## - LIBRARY OF CONGRESS CONTROL NUMBER
LC control number med47000405
035 ## - SYSTEM CONTROL NUMBER
System control number (OCoLC)14722132
040 ## - CATALOGING SOURCE
Original cataloging agency DLC
Transcribing agency DNLM
Modifying agency DLC
042 ## - AUTHENTICATION CODE
Authentication code premarc
050 00 - LIBRARY OF CONGRESS CALL NUMBER
Classification number RS92
Item number .E9
060 0# - NATIONAL LIBRARY OF MEDICINE CALL NUMBER
Classification number QV 21
Item number E93p 1944
100 1# - MAIN ENTRY--PERSONAL NAME
Personal name Evrard, V.
245 10 - TITLE STATEMENT
Title Pharmaceutische plichtenleer voor apothekers en stagiaires ...
260 ## - PUBLICATION, DISTRIBUTION, ETC.
Place of publication, distribution, etc. Antwerpen [etc.]
Name of publisher, distributor, etc. Standaard-boekhandel,
Date of publication, distribution, etc. 1944.
300 ## - PHYSICAL DESCRIPTION
Extent 95, [1] p.
Other physical details ports.

No items available.

Powered by Koha